000 00520nam a22001697a 4500
003 NUST
038 _aNusrat Nadeem
082 _a200
100 _aBibi, Khudija
_9123727
245 _aApplications of Discrete Symmetry Groups of Differential Equations/
_cKhudija Bibi
264 _aIslamabad;
_bill;
_c2022;
300 _a94,p;
_bill;
_c30,cm.
650 _aPhD-Mathematics
_9123169
700 _aSupervisor:Dr.Tooba Feroze
_9123719
856 _uhttp://10.250.8.41:8080/xmlui/handle/123456789/29925
942 _2ddc
_cSC
999 _c609816
_d609816